000 00506nam a2200181Ia 4500
008 090124s9999 xx 000 0 und d
082 _b46994
100 _aदेशमुख डॉ. अनंत
245 _a मुउातछंद
250 _a1
260 _c2008
300 _a156
600 _aदेशमुख डॉ. अनंत
630 _a मुउातछंद
700 _aदेशमुख डॉ. अनंत
730 _a मुउातछंद
942 _cBOOK
999 _c113221
_d113221